000 00592nam a2200229Ia 4500
003 OSt
005 20221005121827.0
006 a|||||r|||| 00| 0
007 ta
008 221004b |||||||| |||| 00| 0 eng d
024 _a58578
037 _cTextual
040 _aCRL
_cCRL
_beng
041 _2eng
_aeng
082 _aV2:25xM69w, J32;K8
100 _aBirla G D
_9123272
245 0 _aIn the shadow of the Mahatma
_b A personal memoir
260 _c1953
650 _aHISTORY
942 _hV2:25xM69w, J32;K8
_cTEXL
_2cc
999 _c1042389
_d1042389